000 00743cam a2200277 a 4500
999 _c5347
_d5347
001 9185481
003 OSt
005 20190103150909.0
008 830203t19831981nyu 000 0 eng d
010 _z81040411
020 _a0380603926
040 _aILC
_cILC
_dOCL
_dm/c
_dKSU
_dUtOrBLW
082 _a296.31
_bK97W
090 _aBM645.P7
_bK87 1983
100 1 _aKushner, Harold S
245 1 0 _aWhen bad things happen to good people /
_cHarold S. Kushner
264 1 _aNew York :
_bAvon,
_c1983
264 4 _c©1981
300 _a149 pages ;
_c18 cm
336 _atext
_btxt
_2rdacontent
337 _aunmediated
_bn
_2rdamedia
338 _avolume
_bnc
_2rdacarrier
600 1 0 _aKushner, Harold S
650 0 _aTheodicy
942 _2ddc
_cBK